000 00420nam a2200145Ia 4500
008 210210b1983 xxu||||| |||| 00| 0 eng d
082 _a333.8 SUBE
100 _aSUBRAHMANYA (K N), Ed.
245 _aEnergy problem & world economic development with special referance to India.
260 _aND
_bDeep & Deep Publications
_c1983
300 _avi,192
650 _aEnergy
690 _aLand Economics
906 _aSG02666
999 _c113742
_d113742